Housing in England 2007-08 (Record no. 110094)
[ view plain ]
| 000 -LEADER | |
|---|---|
| fixed length control field | 02008cad a22002415a 4500 |
| 001 - CONTROL NUMBER | |
| control field | L148543 |
| 008 - FIXED-LENGTH DATA ELEMENTS--GENERAL INFORMATION | |
| fixed length control field | 090930e20090929xxkad f s f000 0 eng d |
| 020 ## - INTERNATIONAL STANDARD BOOK NUMBER | |
| International Standard Book Number | 9781409818250 |
| 035 ## - SYSTEM CONTROL NUMBER | |
| System control number | (Sirsi) u148543 |
| 041 0# - LANGUAGE CODE | |
| Language code of text/sound track or separate title | eng |
| 050 04 - LIBRARY OF CONGRESS CALL NUMBER | |
| Classification number | 333.33 $2 18 |
| 110 2# - MAIN ENTRY--CORPORATE NAME | |
| Corporate name or jurisdiction name as entry element | National Centre for Social Research |
| 9 (RLIN) | 4125 |
| 245 00 - TITLE STATEMENT | |
| Title | Housing in England 2007-08 |
| Remainder of title | a report principally from the 2007-08 survey of English housing |
| Medium | [electronic resource] |
| 260 ## - PUBLICATION, DISTRIBUTION, ETC. | |
| Place of publication, distribution, etc. | London |
| Name of publisher, distributor, etc. | DCLG |
| Date of publication, distribution, etc. | 2009 |
| 505 2# - FORMATTED CONTENTS NOTE | |
| Formatted contents note | Acknowledgements -- Notes to tables -- Introduction -- Sample design and response -- Data collection -- Weighting and grossing -- Data presentation and interpretation -- Trends in tenure and cross tenure topics -- New and recently moved households -- Owner occupiers and second homes -- Social renters -- Private renters -- Households in deprived areas -- Attitudes to the local area and tenants' views of their landlord -- Appendices: definitions and terms; survey design and response; grossing and weighting; sampling errors; list of tables and charts; data access and how to contact us |
| 520 ## - SUMMARY, ETC. | |
| Summary, etc. | Report based on the results of English Housing Survey started in the year beginning April 2007. The findings include owner occupation remaining the most common form of tenure, forming 68.3% of all households in England. Renting is considerably more prevalent in London, where owner occupation stands at 55%. The proportion of younger householders (aged 25-29) who are in privately rented accommodation has risen from 19% in 1993 to 38% in 2007-08. Second homes in England have risen by 35% in the last 11 years and households having a second home abroad have risen by 135%. Provides detailed statistics. |
| 521 ## - TARGET AUDIENCE NOTE | |
| Target audience note | Advanced |
| 590 ## - LOCAL NOTE (RLIN) | |
| Local note | KA NTK |
| 651 #4 - SUBJECT ADDED ENTRY--GEOGRAPHIC NAME | |
| Geographic name | England and Wales |
| Chronological subdivision | 1543- |
| 690 ## - LOCAL SUBJECT ADDED ENTRY--TOPICAL TERM (OCLC, RLIN) | |
| Topical term or geographic name as entry element | Residential property |
| 9 (RLIN) | 6266 |
| 856 40 - ELECTRONIC LOCATION AND ACCESS | |
| Uniform Resource Identifier | <a href="https://www.communities.gov.uk/publications/corporate/statistics/housingengland200708">https://www.communities.gov.uk/publications/corporate/statistics/housingengland200708</a> |
| Public note | View the item free of charge online at www.communities.gov.uk... |
| 942 ## - ADDED ENTRY ELEMENTS (KOHA) | |
| Suppress in OPAC | 0 |
| Withdrawn status | Lost status | Source of classification or shelving scheme | Damaged status | Not for loan | Home library | Current library | Shelving location | Date acquired | Total Checkouts | Full call number | Barcode | Date last seen | Copy number | Price effective from | Koha item type |
|---|---|---|---|---|---|---|---|---|---|---|---|---|---|---|---|
| Dewey Decimal Classification | Virtual | Virtual | Online | 30/09/2009 | ONLINE PUBLICATION | 148543-2001 | 06/08/2019 | 1 | 06/08/2019 | Book |